[Event "First Saturday Tournament Budapest   FM "]
[Site "Budapest"]
[Date "2010.04.09"]
[Round "7.1"]
[White "Zala, Gyula"]
[Black "Darazs, Zoltan"]
[Result "0-1"]
[WhiteElo "2042"]
[BlackElo "2214"]
[PlyCount "50"]
[EventDate "2010.04.03"]

1. e4 e5 2. d3 Nf6 3. c3 d5 4. exd5 Nxd5 5. Nf3 Nc6 6. Be2 Be7 7. Nbd2 Be6 8.
Nc4 f6 9. g3 Qd7 10. Bd2 O-O 11. h4 b5 12. Ne3 Rad8 13. Qc2 Nb6 14. h5 a5 15.
Nh4 f5 16. f4 Bf6 17. g4 Bxh4+ 18. Rxh4 Qe7 19. Rh1 exf4 20. Nxf5 Bxf5 21. gxf5
f3 22. Qb3+ Kh8 23. O-O-O fxe2 24. Rdg1 Rxf5 25. h6 Rg8 0-1

[Event "First Saturday Tournament Budapest   FM "]
[Site "Budapest"]
[Date "2010.04.09"]
[Round "7.2"]
[White "Tran, Minh Thang"]
[Black "Rotoni, Matteo"]
[Result "0-1"]
[WhiteElo "1972"]
[BlackElo "2138"]
[PlyCount "94"]
[EventDate "2010.04.03"]

1. d4 d5 2. Bf4 c5 3. c3 Nc6 4. Nf3 Qb6 5. Qd2 Nf6 6. e3 Bf5 7. Ne5 Ne4 8. Qc1
Nxe5 9. Bxe5 f6 10. Bg3 h5 11. f3 Nxg3 12. hxg3 e6 13. g4 Bg6 14. gxh5 Rxh5 15.
Rxh5 Bxh5 16. Qc2 O-O-O 17. a4 Kb8 18. a5 Qc7 19. a6 b6 20. Na3 Rc8 21. Nb5 Qh2
22. Qf2 Be8 23. g4 Qxf2+ 24. Kxf2 c4 25. Na3 Bg6 26. Nb1 Bd6 27. Nd2 Kc7 28. f4
b5 29. b3 cxb3 30. Ra5 Bc2 31. Nxb3 Bxb3 32. Rxb5 Rb8 33. Ra5 g5 34. f5 exf5
35. gxf5 g4 36. e4 dxe4 37. Ke3 Bd1 38. Kxe4 Bf3+ 39. Kd3 Rb2 40. Ke3 Rc2 41.
c4 Rc3+ 42. Kd2 Ra3 43. Rxa3 Bxa3 44. Ke3 Bb2 45. Bd3 Kb6 46. c5+ Kc6 47. Bc4
Bd5 0-1

[Event "First Saturday Tournament Budapest   FM "]
[Site "Budapest"]
[Date "2010.04.09"]
[Round "7.3"]
[White "Kis, Bela"]
[Black "Heyl, Thomas"]
[Result "1-0"]
[WhiteElo "2182"]
[BlackElo "2073"]
[PlyCount "52"]
[EventDate "2010.04.03"]

1. e4 c5 2. d4 cxd4 3. c3 dxc3 4. Nxc3 e6 5. Nf3 a6 6. Bc4 b5 7. Bb3 Bb7 8. O-O
b4 9. Nd5 exd5 10. exd5 d6 11. Re1+ Be7 12. Bg5 Kf8 13. Bf4 Nf6 14. Nd4 Qd7 15.
Ba4 Qd8 16. Nf5 Nxd5 17. Bxd6 Bxd6 18. Nxd6 Ne7 19. Nxb7 Qc7 20. Rc1 Nbc6 21.
Rxe7 Kxe7 22. Rxc6 Qd7 23. Rd6 Qxb7 24. Rd7+ Qxd7 25. Qxd7+ Kf6 26. Qd6+ Kg5
1-0

[Event "First Saturday Tournament Budapest   FM "]
[Site "Budapest"]
[Date "2010.04.09"]
[Round "7.4"]
[White "Mayer, Istvan"]
[Black "Cseloczki, Gabor"]
[Result "1-0"]
[WhiteElo "2140"]
[BlackElo "1914"]
[PlyCount "57"]
[EventDate "2010.04.03"]

1. e4 e5 2. Bc4 Nf6 3. d4 d6 4. dxe5 Nfd7 5. e6 fxe6 6. Bxe6 Qf6 7. Bc4 Ne5 8.
Bf1 Be7 9. f4 O-O 10. Nf3 Ng6 11. Bc4+ Kh8 12. g3 d5 13. Qxd5 Rd8 14. Qh5 Qc6
15. Bd5 Qxc2 16. Nc3 Qg2 17. Rg1 Qh3 18. Qxh3 Bxh3 19. f5 Bg4 20. Ng5 Ne5 21.
Bxb7 Bb4 22. Bf4 Nd3+ 23. Kf1 Nxf4 24. gxf4 Bh5 25. Bxa8 Bxc3 26. bxc3 Na6 27.
Bd5 h6 28. Ne6 Rd7 29. Nf8 1-0

[Event "First Saturday Tournament Budapest   FM "]
[Site "Budapest"]
[Date "2010.04.09"]
[Round "7.5"]
[White "Hocevar, Nikola"]
[Black "Schenkerik, Csaba"]
[Result "1/2-1/2"]
[WhiteElo "2090"]
[BlackElo "2128"]
[PlyCount "27"]
[EventDate "2010.04.03"]

1. d4 g6 2. Nf3 Bg7 3. g3 Nf6 4. Bg2 O-O 5. O-O d6 6. b3 Nbd7 7. Bb2 e5 8. dxe5
Ng4 9. Nbd2 Ndxe5 10. Rb1 Re8 11. h3 Nxf3+ 12. Nxf3 Bxb2 13. Rxb2 Qf6 14. Qd4
1/2-1/2

[Event "First Saturday Tournament Budapest   FM "]
[Site "Budapest"]
[Date "2010.04.10"]
[Round "8.2"]
[White "Cseloczki, Gabor"]
[Black "Hocevar, Nikola"]
[Result "0-1"]
[WhiteElo "1914"]
[BlackElo "2090"]
[PlyCount "74"]
[EventDate "2010.04.03"]

1. e4 c5 2. b3 Nc6 3. Bb2 a6 4. Nf3 d6 5. Bc4 e6 6. d4 cxd4 7. Nxd4 Bd7 8. Nd2
Nf6 9. O-O Qb6 10. Ne2 Be7 11. Bd3 O-O 12. Kh1 Ne5 13. f4 Nxd3 14. cxd3 d5 15.
Rf3 dxe4 16. dxe4 Bc6 17. Rg3 g6 18. Nc4 Qd8 19. Rd3 Qe8 20. Nd6 Bxd6 21. Rxd6
Nxe4 22. Qd4 e5 23. fxe5 Nxd6 24. exd6 f6 25. Nf4 Qe4 26. Qxe4 Bxe4 27. Ne6 Rf7
28. Rd1 Bc6 29. a4 Re8 30. Nc5 Re2 31. h4 Rxb2 32. Kg1 Rxg2+ 33. Kf1 Rc2 34. d7
Bxd7 35. Nxd7 Rc7 36. Nb6 Kg7 37. Kf2 Rfe7 0-1

[Event "First Saturday Tournament Budapest   FM "]
[Site "Budapest"]
[Date "2010.04.10"]
[Round "8.3"]
[White "Heyl, Thomas"]
[Black "Mayer, Istvan"]
[Result "0-1"]
[WhiteElo "2073"]
[BlackElo "2140"]
[PlyCount "117"]
[EventDate "2010.04.03"]

1. d4 d5 2. Nf3 Nf6 3. e3 Bg4 4. c4 e6 5. Qb3 Qc8 6. Ne5 Bf5 7. Nc3 c6 8. Bd2
Nbd7 9. f4 Be7 10. Be2 Nxe5 11. fxe5 Ne4 12. Nxe4 Bxe4 13. O-O O-O 14. Rac1 Qd7
15. cxd5 exd5 16. Bb4 a5 17. Bxe7 Qxe7 18. Bf3 Bg6 19. a4 Kh8 20. Be2 f6 21.
exf6 Rxf6 22. Rxf6 gxf6 23. Re1 Be4 24. Bd3 Rg8 25. g3 Rg4 26. Rf1 Bxd3 27.
Qxd3 Re4 28. Rf3 Qb4 29. Rxf6 Qe1+ 30. Rf1 Qxe3+ 31. Qxe3 Rxe3 32. Rf7 Rb3 33.
Kf2 Rxb2+ 34. Ke3 Rb4 35. Rc7 Kg8 36. g4 b5 37. Rxc6 Rxa4 38. Rc5 Rb4 39. Rxd5
a4 40. Rd8+ Kf7 41. Ra8 Rb3+ 42. Ke4 a3 43. h4 b4 44. Ra7+ Ke8 45. g5 Rb2 46.
h5 a2 47. Ra8+ Kd7 48. Ra7+ Kc8 49. Ra8+ Kd7 50. Ra7+ Kc8 51. g6 hxg6 52. hxg6
b3 53. Kd3 Rg2 54. Kc3 Kd8 55. Ra4 b2 56. Rxa2 b1=Q 57. Rxg2 Qe4 58. Rh2 Kc7
59. Rh5 0-1

[Event "First Saturday Tournament Budapest   FM "]
[Site "Budapest"]
[Date "2010.04.10"]
[Round "8.4"]
[White "Rotoni, Matteo"]
[Black "Kis, Bela"]
[Result "0-1"]
[WhiteElo "2138"]
[BlackElo "2182"]
[PlyCount "78"]
[EventDate "2010.04.03"]

1. e4 d6 2. d4 Nf6 3. Nc3 g6 4. Be3 Bg7 5. Qd2 c6 6. Bh6 Bxh6 7. Qxh6 Qa5 8.
Bd3 c5 9. d5 b5 10. Bxb5+ Nbd7 11. Nge2 Rb8 12. Bxd7+ Bxd7 13. Rb1 g5 14. h4
Nxe4 15. O-O Nd2 16. Qg7 Rf8 17. Qxh7 gxh4 18. Rfe1 Rb4 19. a3 Rg4 20. f3 Rg6
21. Nf4 Rg5 22. Qxh4 Rfg8 23. Re2 Nc4 24. Rbe1 Ne5 25. Kf2 c4 26. Ne4 Qb6+ 27.
Re3 Rf5 28. g3 Qxb2 29. R1e2 Qd4 30. Kg2 Qb6 31. Qh7 Rf8 32. Nh5 Rxh5 33. Qxh5
Qd4 34. Qh6 Qxd5 35. c3 Bc6 36. Rb2 Bb7 37. Rxb7 Qxb7 38. Qxd6 Ng4 39. fxg4
exd6 0-1

[Event "First Saturday Tournament Budapest   FM "]
[Site "Budapest"]
[Date "2010.04.10"]
[Round "8.5"]
[White "Zala, Gyula"]
[Black "Tran, Minh Thang"]
[Result "1-0"]
[WhiteElo "2042"]
[BlackElo "1972"]
[PlyCount "107"]
[EventDate "2010.04.03"]

1. d4 e6 2. e4 b6 3. c3 Bb7 4. f3 d5 5. e5 c5 6. Bd3 Nc6 7. Ne2 cxd4 8. cxd4
Nb4 9. Nbc3 Nxd3+ 10. Qxd3 Ne7 11. Bg5 Qd7 12. O-O Nc6 13. a3 a6 14. f4 Be7 15.
Bxe7 Nxe7 16. Ng3 g6 17. Rf2 Rc8 18. Nd1 Qc7 19. Ne3 h5 20. Rc2 Qd7 21. Rac1
Rxc2 22. Rxc2 Nc6 23. Ne2 Qe7 24. b4 b5 25. Nc1 Qc7 26. Nb3 Qb6 27. Nc5 Ke7 28.
g4 hxg4 29. Nxg4 a5 30. Nxb7 Qxb7 31. Qc3 Rc8 32. Qc5+ Kd8 33. Qf8+ Kc7 34.
Qd6+ Kb6 35. Nf6 Qc7 36. Qc5+ Ka6 37. a4 Qb6 38. Nd7 Qxc5 39. Rxc5 Kb7 40.
Rxb5+ Kc7 41. Nc5 axb4 42. Rb7+ Kd8 43. Rxf7 Rb8 44. Nxe6+ Ke8 45. Rf8+ Ke7 46.
Rxb8 Nxb8 47. Nc7 b3 48. Nxd5+ Ke6 49. Nc3 Na6 50. d5+ Kf5 51. e6 Nc7 52. e7
Ne8 53. a5 Kf6 54. d6 1-0

[Event "First Saturday Tournament Budapest   FM "]
[Site "Budapest"]
[Date "2010.04.12"]
[Round "9.2"]
[White "Kis, Bela"]
[Black "Zala, Gyula"]
[Result "0-1"]
[WhiteElo "2182"]
[BlackElo "2042"]
[PlyCount "80"]
[EventDate "2010.04.03"]

1. e4 g6 2. d4 Bg7 3. Nf3 d6 4. Nc3 Nd7 5. Bc4 e6 6. Be3 Ne7 7. Qd2 h6 8. Bb3
b6 9. O-O Bb7 10. Rfe1 g5 11. d5 e5 12. Ne2 Ng6 13. h3 Nf6 14. Ba4+ Kf8 15. Ng3
Bc8 16. Bc6 Rb8 17. a4 Rg8 18. a5 Nf4 19. axb6 axb6 20. Ra7 N4h5 21. Qd3 Nxg3
22. fxg3 Nh5 23. Kh2 Bf6 24. Rf1 Rg6 25. g4 Nf4 26. Bxf4 gxf4 27. Kg1 Kg7 28.
Kf2 h5 29. gxh5 Bh4+ 30. Ke2 Rxg2+ 31. Kd1 Rg3 32. Rg1 Bxh3 33. Kd2 Bg2 34. Qe2
Bxf3 35. Rxg3+ fxg3 36. Qxf3 Qg5+ 37. Kc3 Qf4 38. Qg2 Qe3+ 39. Kb4 Qd4+ 40. Kb3
b5 0-1

[Event "First Saturday Tournament Budapest   FM "]
[Site "Budapest"]
[Date "2010.04.12"]
[Round "9.3"]
[White "Mayer, Istvan"]
[Black "Rotoni, Matteo"]
[Result "0-1"]
[WhiteElo "2140"]
[BlackElo "2138"]
[PlyCount "52"]
[EventDate "2010.04.03"]

1. e4 e6 2. d4 d5 3. e5 c5 4. c3 Nc6 5. Nf3 Qb6 6. Be2 cxd4 7. cxd4 Nge7 8. Nc3
Nf5 9. Na4 Bb4+ 10. Kf1 Qd8 11. g4 Nh4 12. Bg5 Be7 13. Bxe7 Qxe7 14. Nc3 Nxf3
15. Bxf3 O-O 16. Qd3 f6 17. Re1 Bd7 18. h4 Qb4 19. Bxd5 exd5 20. e6 Bc8 21.
Nxd5 Qd6 22. Qc4 Re8 23. e7 Kh8 24. Nc7 Qxc7 25. Qf7 Bxg4 26. h5 Rxe7 0-1

[Event "First Saturday Tournament Budapest   FM "]
[Site "Budapest"]
[Date "2010.04.12"]
[Round "9.5"]
[White "Schenkerik, Csaba"]
[Black "Cseloczki, Gabor"]
[Result "1-0"]
[WhiteElo "2128"]
[BlackElo "1914"]
[PlyCount "75"]
[EventDate "2010.04.03"]

1. e4 e6 2. d4 g6 3. Nc3 Bg7 4. Be3 Ne7 5. Qd2 b6 6. O-O-O Bb7 7. h4 d6 8. Bh6
Bf6 9. Nf3 Ng8 10. Be3 Nd7 11. g4 Qe7 12. h5 O-O-O 13. g5 Bg7 14. h6 Bf8 15. d5
f6 16. Nd4 Nc5 17. b4 Nd7 18. Nxe6 Re8 19. f4 Qf7 20. Bc4 Ne7 21. Nb5 a6 22.
Nbxc7 Nb8 23. Bxb6 Ng8 24. Nxe8 Qxe8 25. Qc3 Kd7 26. Bb5+ Nc6 27. Bxc6+ Bxc6
28. Qxc6+ Ke7 29. Qc7+ Qd7 30. Qxd7+ Kxd7 31. Nxf8+ Ke7 32. Ne6 Kd7 33. Rd3
fxg5 34. Bd4 Nf6 35. Bxf6 Rb8 36. Rc3 gxf4 37. Rc7+ Ke8 38. Re7# 1-0